000 00372nam a22001697a 4500
005 20160629113404.0
008 160629b xxu||||| |||| 00| 0 eng d
020 _a81-7522-009-0
041 _aeng
082 _b10999
100 _aTagore Rabindra Nath
_93125
245 _aGeet Bitan
260 _bViswa
300 _a1033
650 _aManagement
_9241
942 _cBK
999 _c4605
_d4603